[Event "World Blitz Women 2023"]
[Site "Samarkand UZB"]
[Date "2023.12.30"]
[Round "13.1"]
[White "Muzychuk, Mariya"]
[Black "Gunina, Valentina"]
[Result "0-1"]
[WhiteElo "2443"]
[BlackElo "2348"]
[EventDate "2023.12.29"]

1. e4 c6 2. d4 d5 3. Nc3 dxe4 4. Nxe4 Nf6 5. Nxf6+ exf6 6. c3 Bd6 7. Bd3
O-O 8. Qc2 c5 9. Bxh7+ Kh8 10. Bd3 cxd4 11. cxd4 Nc6 12. Ne2 Re8 13. O-O
Nb4 14. Qd2 Bg4 15. Nc3 Nxd3 16. Qxd3 Qd7 17. h3 Bf5 18. Qf3 Kg8 19. Bf4
Bf8 20. Rad1 Rac8 21. d5 Rc4 22. Rfe1 Rxe1+ 23. Rxe1 b5 24. a3 a5 25. d6
Rd4 26. Nd5 Be6 27. Ne7+ Bxe7 28. dxe7 Qxe7 29. Be3 Rd8 30. Qc6 Qd7 31.
Qxd7 Rxd7 32. b4 a4 33. Bc5 Rd3 34. Re3 Rd1+ 35. Kh2 Kh7 36. Rc3 Bc4 37. h4
Bb3 38. Be3 Ra1 39. Bc1 Ra2 40. Kg3 Bd5 41. Rd3 Bc4 42. Rc3 Bb3 43. Kf3 Kg6
44. g4 Bd5+ 45. Kg3 Kh7 46. h5 Re2 47. Be3 Re1 48. f3 Re2 49. Kf4 Bc4 50.
Kg3 Ra2 51. Kf4 g6 52. hxg6+ fxg6 53. g5 fxg5+ 54. Kxg5 Kg7 55. Bd4+ Kf7
56. Be3 Rg2+ 57. Kf4 Ke6 58. Ke4 Bd5+ 59. Kf4 g5# 0-1

[Event "World Blitz Women 2023"]
[Site "Samarkand UZB"]
[Date "2023.12.30"]
[Round "13.2"]
[White "Garifullina, Leya"]
[Black "Kosteniuk, Alexandra"]
[Result "1/2-1/2"]
[WhiteElo "2216"]
[BlackElo "2455"]
[EventDate "2023.12.29"]

1. e4 c6 2. d4 d5 3. e5 c5 4. dxc5 e6 5. a3 Bxc5 6. Nf3 f6 7. b4 Be7 8. Bb2
a5 9. b5 Nd7 10. c4 Nc5 11. Nbd2 Nh6 12. Be2 O-O 13. O-O Ng4 14. h3 Nxe5
15. Nxe5 fxe5 16. Bxe5 Bf6 17. Bxf6 Qxf6 18. Nf3 Rd8 19. cxd5 exd5 20. Qd4
Qf8 21. Qh4 Bf5 22. Ra2 Ne4 23. Nd4 Rd6 24. Nxf5 Qxf5 25. Bf3 Re8 26. Bxe4
Rxe4 27. Qg3 Qe5 28. Qxe5 Rxe5 29. Rd2 d4 30. Rfd1 Red5 31. a4 d3 32. f3
Kf7 33. Kf2 Ke6 34. Ke3 Re5+ 35. Kf2 Red5 36. Ke3 Ke5 1/2-1/2

[Event "World Blitz Women 2023"]
[Site "Samarkand UZB"]
[Date "2023.12.30"]
[Round "13.3"]
[White "Munkhzul, Turmunkh"]
[Black "Lagno, Kateryna"]
[Result "1-0"]
[WhiteElo "2211"]
[BlackElo "2522"]
[EventDate "2023.12.29"]

1. e4 e5 2. Nf3 Nc6 3. Bb5 a6 4. Bxc6 dxc6 5. Nc3 Bg4 6. h3 Bxf3 7. Qxf3
Qd7 8. d3 f6 9. Be3 c5 10. Nd5 Bd6 11. Qg4 Qf7 12. f4 Ne7 13. Nxe7 Qxe7 14.
fxe5 Bxe5 15. O-O-O b6 16. Rhf1 Qd7 17. Qh5+ g6 18. Qf3 O-O-O 19. Bf4 Qe6
20. Bxe5 fxe5 21. Qf7 Qd6 22. Rf6 Qd4 23. Qe6+ Kb8 24. Rdf1 Rhe8 25. Qb3
Rd6 26. Rf7 Red8 27. a3 Qe3+ 28. Kb1 Qe2 29. R7f2 Qe3 30. Rf7 Qe2 31. R7f2
Qe3 32. Rf8 Qd4 33. Ka2 Kb7 34. R8f7 R8d7 35. Rf8 Rd8 36. R8f7 R8d7 37. Rf8
Rd8 38. Qg8 Rxf8 39. Rxf8 Rd7 40. Rb8+ Kc6 41. Qe6+ Qd6 42. Qb3 Qd4 43.
Qe6+ Qd6 44. Qb3 Qd4 45. Qe6+ Qd6 46. Qg8 Qe7 47. Qc8 Qf7+ 48. b3 Qf2 49.
Kb1 Qg1+ 50. Kb2 Qd4+ 51. Kb1 Qg1+ 52. Kb2 Qd4+ 53. Ka2 Qf2 54. Qb7+ Kd6
55. Qd5+ Ke7 56. Qxe5+ Kf7 57. Qe8+ Kg7 58. Qxd7+ Kh6 59. Kb2 1-0

[Event "World Blitz Women 2023"]
[Site "Samarkand UZB"]
[Date "2023.12.30"]
[Round "13.4"]
[White "Dronavalli, Harika"]
[Black "Muzychuk, Anna"]
[Result "1/2-1/2"]
[WhiteElo "2420"]
[BlackElo "2447"]
[EventDate "2023.12.29"]

1. Nf3 c5 2. g3 Nc6 3. Bg2 g6 4. O-O Bg7 5. c3 e5 6. e4 Nge7 7. Na3 O-O 8.
Nc4 d6 9. a4 Be6 10. d3 h6 11. Rb1 a6 12. b4 cxb4 13. cxb4 b5 14. axb5 axb5
15. Ne3 d5 16. exd5 Nxd5 17. Nxd5 Bxd5 18. Bb2 Re8 19. Re1 Nxb4 20. Bxe5
Bxe5 21. Nxe5 Bxg2 22. Kxg2 Qd5+ 23. Qf3 Qxf3+ 24. Nxf3 Nxd3 25. Rxe8+ Rxe8
26. Rb3 Ne1+ 27. Nxe1 Rxe1 28. Rxb5 1/2-1/2

[Event "World Blitz Women 2023"]
[Site "Samarkand UZB"]
[Date "2023.12.30"]
[Round "13.5"]
[White "Assaubayeva, Bibisara"]
[Black "Mammadzada, Gunay"]
[Result "1-0"]
[WhiteElo "2476"]
[BlackElo "2408"]
[EventDate "2023.12.29"]

1. d4 d5 2. c4 c6 3. Nf3 Nf6 4. Nc3 dxc4 5. a4 Bf5 6. Ne5 e6 7. f3 Bb4 8.
Nxc4 O-O 9. Kf2 h6 10. e4 Bh7 11. Be3 a5 12. Be2 Nfd7 13. Qb3 Na6 14. Na2
f5 15. Nxb4 Nxb4 16. Nd6 Qe7 17. Nxf5 Bxf5 18. exf5 Rxf5 19. Rhe1 Nb6 20.
Kg1 Kh8 21. Bf2 Qd6 22. Rad1 Qd5 23. Qc3 Nxa4 24. Qc1 Nb6 25. Bg3 Rf7 26.
Be5 Kg8 27. f4 Rc8 28. Bg4 Re8 29. Bh5 Nd7 30. Qb1 Ref8 31. Bxf7+ Rxf7 32.
Kh1 Qc4 33. Bd6 Nf6 34. Qg6 Na6 35. Be5 Nc7 36. f5 exf5 37. Qxf5 Ncd5 38.
Qc8+ Rf8 39. Qe6+ Kh8 40. Bxf6 Rxf6 41. Qc8+ Kh7 42. Qxb7 Qc2 43. Qa6 Ne3
44. Qd3+ Qxd3 45. Rxd3 Nc4 46. b3 Nb6 47. Rc3 Nd5 48. Rc5 Rf4 49. Rxc6 Rxd4
50. Rd6 Rd3 51. h3 Nb4 52. Rxd3 Nxd3 53. Ra1 Nc5 54. Ra3 Kg6 55. Kh2 Kf6
56. Kg3 Ke6 57. Kf3 Kd6 58. Rxa5 Nxb3 59. Ra7 Nd4+ 60. Ke4 Ne6 61. Kf5 Kd5
62. Rd7+ 1-0

[Event "World Blitz Women 2023"]
[Site "Samarkand UZB"]
[Date "2023.12.30"]
[Round "13.6"]
[White "Goryachkina, Aleksandra"]
[Black "Wagner, Dinara"]
[Result "1/2-1/2"]
[WhiteElo "2475"]
[BlackElo "2350"]
[EventDate "2023.12.29"]

1. e4 c5 2. Nf3 d6 3. d4 cxd4 4. Nxd4 Nf6 5. Nc3 a6 6. Be3 e5 7. Nf3 Be7 8.
Bc4 O-O 9. O-O Nc6 10. h3 h6 11. Qe2 Na5 12. Bb3 Nxb3 13. axb3 Be6 14. Rfd1
Rc8 15. Nd5 Bxd5 16. exd5 Nd7 17. c4 f5 18. b4 Qe8 19. c5 f4 20. Bd2 Qg6
21. Re1 dxc5 22. Nxe5 Nxe5 23. Qxe5 Bd6 24. Qe6+ Qxe6 25. Rxe6 Rfd8 26. Re4
cxb4 27. Bxb4 Bxb4 28. Rxb4 Rxd5 29. Rxb7 Rd2 30. Rb4 f3 1/2-1/2

[Event "World Blitz Women 2023"]
[Site "Samarkand UZB"]
[Date "2023.12.30"]
[Round "13.7"]
[White "Koneru, Humpy"]
[Black "Danielian, Elina"]
[Result "1-0"]
[WhiteElo "2452"]
[BlackElo "2352"]
[EventDate "2023.12.29"]

1. d4 d6 2. Nf3 Bg4 3. c4 Bxf3 4. gxf3 c6 5. Nc3 g6 6. e4 Bg7 7. f4 e6 8.
Be3 Nd7 9. Be2 Ne7 10. Qd2 a6 11. d5 exd5 12. exd5 c5 13. Bd3 Nf6 14. f5
Qd7 15. fxg6 hxg6 16. O-O-O O-O-O 17. h4 Nf5 18. Bg5 Rde8 19. Rde1 Nh5 20.
Ne4 Kb8 21. Kb1 Ka7 22. Qd1 Qc7 23. Bc2 Qb6 24. Bb3 Nd4 25. Nd2 Nf5 26.
Rxe8 Rxe8 27. Re1 Rxe1 28. Qxe1 Be5 29. Nf3 Bg7 30. Qe8 Nf6 31. Qxf7 Qd8
32. Qxg6 Nd4 33. Nxd4 cxd4 34. Qxg7 Ne4 35. Bxd8 1-0

[Event "World Blitz Women 2023"]
[Site "Samarkand UZB"]
[Date "2023.12.30"]
[Round "13.8"]
[White "Bodnaruk, Anastasia"]
[Black "Stefanova, Antoaneta"]
[Result "0-1"]
[WhiteElo "2260"]
[BlackElo "2398"]
[EventDate "2023.12.29"]

1. e4 e5 2. Nf3 Nc6 3. Bb5 a6 4. Ba4 d6 5. O-O Ne7 6. c3 Bd7 7. d4 g6 8.
Re1 Bg7 9. d5 Nb8 10. Bc2 O-O 11. c4 c5 12. dxc6 Bxc6 13. Nc3 h6 14. Nd5
Nxd5 15. exd5 Be8 16. c5 f5 17. Bb3 Nd7 18. cxd6 Qf6 19. Bd2 Qxd6 20. Bc3
Bf7 21. Qd2 Rfe8 22. a3 Nc5 23. Ba2 Ne4 24. Qd1 Nxc3 25. bxc3 e4 26. Nd4
Rad8 27. Ne6 Bxc3 28. Qb3 Bxe1 29. Rxe1 Bxe6 30. dxe6 Re7 31. h4 Qd4 32.
Qg3 Kg7 33. Rc1 Rde8 34. Kh2 Qf6 35. Rc2 f4 36. Qg4 h5 37. Qh3 Qe5 38. Kg1
e3 39. fxe3 Qxe3+ 40. Qxe3 fxe3 41. Kf1 Kf6 42. Ke2 Rxe6 43. Bxe6 Rxe6 44.
Rc7 b5 45. Rc5 Ke7 46. g3 Kd6 47. Rc8 Kd5 48. Rc7 Ke4 49. Rf7 Kd4 50. Rc7
a5 51. Rc8 b4 52. axb4 axb4 53. Rb8 Kc3 54. Rc8+ Kb2 55. Rb8 b3 56. Ke1 e2
57. Rb7 Kc2 58. Rc7+ Kb1 59. Rb7 b2 60. Rb8 Rc6 61. Kd2 Rc2+ 62. Ke1 Kc1
0-1

[Event "World Blitz Women 2023"]
[Site "Samarkand UZB"]
[Date "2023.12.30"]
[Round "13.9"]
[White "Charochkina, Daria"]
[Black "Tan, Zhongyi"]
[Result "0-1"]
[WhiteElo "2254"]
[BlackElo "2519"]
[EventDate "2023.12.29"]

1. d4 d5 2. c4 e6 3. Nc3 c5 4. cxd5 cxd4 5. Qxd4 exd5 6. e3 Nf6 7. Nf3 Nc6
8. Bb5 Bd7 9. Qh4 Be7 10. Bxc6 bxc6 11. Qg3 O-O 12. O-O Nh5 13. Qe5 Bg4 14.
Qd4 Bxf3 15. gxf3 Rb8 16. a3 Bd6 17. Qg4 Nf6 18. Qg2 Re8 19. e4 Nh5 20. Bg5
f6 21. Be3 Rxb2 22. Rad1 Be5 23. Na4 Ra2 24. exd5 cxd5 25. f4 Nxf4 26. Bxf4
Bxf4 27. Rxd5 Qe7 28. Rb5 Qe4 29. Qh3 Qxa4 30. Qd7 Rae2 31. Qd5+ Kh8 32.
Rb4 Qxa3 33. Rxf4 h6 34. Qf7 Qe7 35. Qd5 Re5 36. Qf3 a5 37. Rg4 Qd7 38. Rb1
Qxg4+ 39. Qxg4 Rg5 40. Qxg5 hxg5 41. Ra1 Ra8 42. Ra4 Kh7 43. Kg2 Kg6 44.
Kf3 f5 45. Ke3 g4 46. Kf4 Kf6 47. Rc4 Ra6 48. Ra4 g5+ 49. Ke3 Ke5 50. Kd3
f4 51. Kc4 Ra8 52. Kb5 Kf5 53. Kc5 Ke5 54. Kb6 Kf6 55. Kb7 Rh8 56. Rxa5
Rxh2 57. Ra6+ Kf5 58. Ra5+ Kg6 59. Ra6+ Kh5 0-1

[Event "World Blitz Women 2023"]
[Site "Samarkand UZB"]
[Date "2023.12.30"]
[Round "13.10"]
[White "Ushenina, Anna"]
[Black "Lei, Tingjie"]
[Result "1/2-1/2"]
[WhiteElo "2334"]
[BlackElo "2530"]
[EventDate "2023.12.29"]

1. d4 d5 2. Nf3 Nf6 3. e3 e6 4. Bd3 c5 5. b3 Nc6 6. O-O cxd4 7. exd4 Ne4 8.
Bb2 Be7 9. Nbd2 f5 10. a3 O-O 11. c4 Bd7 12. b4 Be8 13. cxd5 exd5 14. Ne5
Nxe5 15. dxe5 a5 16. bxa5 Qxa5 17. Nb3 Qa7 18. Bd4 Qa4 19. f3 Ng5 20. Bf2
Ne6 21. Qc2 Bd7 22. Rfd1 Rac8 23. Qb2 b5 24. Nd4 Nxd4 25. Bxd4 Bc5 26. Bf1
Bxd4+ 27. Rxd4 Qa7 28. Qf2 Qc5 29. Rd2 Be6 30. Qxc5 Rxc5 31. Rb1 Ra8 32.
Rxb5 Rxb5 33. Bxb5 Rxa3 34. Bc6 Ra5 35. Kf2 Rc5 36. Bb7 Kf7 37. g3 Ke7 38.
Ke3 Kd7 39. Ba6 g5 40. h4 h6 41. hxg5 hxg5 42. Kd4 Ra5 43. Bd3 Ra4+ 44. Ke3
Ra3 45. Kd4 Ra4+ 46. Ke3 f4+ 47. Kf2 Ra3 48. Be2 Kc6 49. gxf4 gxf4 50. Rd4
Kc5 51. Rxf4 d4 52. Rf6 Kd5 53. Bc4+ Kxc4 54. Rxe6 Kd5 55. Re8 d3 56. Ke3
d2+ 57. Kxd2 Rxf3 58. Ke2 Rf5 59. e6 Re5+ 60. Kd3 Rxe6 61. Rxe6 Kxe6
1/2-1/2

[Event "World Blitz Women 2023"]
[Site "Samarkand UZB"]
[Date "2023.12.30"]
[Round "13.11"]
[White "Ju, Wenjun"]
[Black "Mkrtchyan, Mariam"]
[Result "1/2-1/2"]
[WhiteElo "2522"]
[BlackElo "2150"]
[EventDate "2023.12.29"]

1. d4 d5 2. c4 e6 3. Nf3 Nf6 4. Nc3 Nbd7 5. Bf4 dxc4 6. e3 Nb6 7. Bxc4 Bd6
8. Bg3 Nxc4 9. Qa4+ Bd7 10. Qxc4 Bc6 11. Qe2 Ne4 12. Nxe4 Bxe4 13. O-O O-O
14. Nd2 Bc6 15. Rfc1 Rc8 16. Rc2 Bxg3 17. hxg3 Qd5 18. f3 Bb5 19. Qf2 Bd3
20. Rc3 Bg6 21. a3 c6 22. Rac1 Rc7 23. g4 f5 24. gxf5 exf5 25. Nc4 Rd8 26.
Qg3 Re7 27. Ne5 Be8 28. b4 a6 29. Qg5 Qe6 30. Kf2 h6 31. Qg3 Qf6 32. Nd3
Kh7 33. Ne5 Kg8 34. Kg1 Kh7 35. a4 Rd5 36. Rc5 Rd8 37. Ra1 f4 38. exf4 Rxd4
39. b5 axb5 40. axb5 Qxf4 41. Qxf4 Rxf4 42. bxc6 Bxc6 43. Nxc6 bxc6 44.
Rxc6 1/2-1/2

[Event "World Blitz Women 2023"]
[Site "Samarkand UZB"]
[Date "2023.12.30"]
[Round "13.12"]
[White "Zhu, Jiner"]
[Black "Divya, Deshmukh"]
[Result "1-0"]
[WhiteElo "2384"]
[BlackElo "2315"]
[EventDate "2023.12.29"]

1. e4 c5 2. Nf3 Nc6 3. d4 cxd4 4. Nxd4 Nf6 5. Nc3 e5 6. Nde2 d6 7. Bg5 Be6
8. Nd5 Bxd5 9. exd5 Qa5+ 10. Nc3 Nd4 11. Bxf6 gxf6 12. Bd3 Bg7 13. O-O f5
14. Ne2 Qxd5 15. Bxf5 Nxe2+ 16. Qxe2 O-O 17. Rfd1 Qc5 18. Rd3 h6 19. Rad1
Rfe8 20. Be4 Rad8 21. Rg3 Kf8 22. c4 Qc8 23. b3 Bf6 24. Qh5 Ke7 25. Bd5 Rf8
26. Rf3 Rd7 27. Qxh6 Bh8 28. Qh7 Ke8 29. Re1 Re7 30. Re4 b5 31. h3 Kd8 32.
Qh4 f5 33. Re1 Bf6 34. Qh5 f4 35. cxb5 Qc5 36. Rd3 Qxb5 37. Qd1 Qb6 38. Bf3
Kc7 39. Re4 Rd8 40. Rc4+ Kb8 41. Rc6 Qb4 42. Rcxd6 Rxd6 43. Rxd6 Rf7 44.
Qd5 Kc7 45. Rc6+ Kb8 46. Qxf7 Qc3 1-0

[Event "World Blitz Women 2023"]
[Site "Samarkand UZB"]
[Date "2023.12.30"]
[Round "13.13"]
[White "Narva, Mai"]
[Black "Kamalidenova, Meruert"]
[Result "0-1"]
[WhiteElo "2292"]
[BlackElo "2314"]
[EventDate "2023.12.29"]

1. e4 c5 2. Nf3 d6 3. Bb5+ Bd7 4. Bxd7+ Nxd7 5. O-O Ngf6 6. Qe2 e6 7. c4
Be7 8. Nc3 a6 9. d4 cxd4 10. Nxd4 Qb6 11. Be3 Qa5 12. Rac1 Rc8 13. a4 h5
14. f3 h4 15. b3 Qh5 16. Rfd1 g5 17. h3 Qg6 18. Qd2 Nh5 19. Nde2 Nc5 20.
Rb1 f5 21. b4 Nd7 22. c5 g4 23. exf5 exf5 24. fxg4 fxg4 25. hxg4 Qxg4 26.
Qd4 Rg8 27. Qxg4 Rxg4 28. cxd6 Bf6 29. Nd5 Be5 30. Nd4 h3 31. Rb2 Rc4 32.
Nc7+ Kf7 33. Nce6 h2+ 34. Kf2 Ng3 35. Rbb1 Nf6 36. d7 Nxd7 37. Ng5+ Rxg5
38. Bxg5 h1=Q 39. Rxh1 Nxh1+ 40. Rxh1 Bxd4+ 41. Ke2 Rxb4 42. Rh7+ Ke6 43.
Rh6+ Kd5 44. Be7 Rb2+ 45. Kf3 Ne5+ 46. Kg3 Be3 47. Rd6+ Ke4 48. Bf6 Bf4+
49. Kh3 Rb3+ 50. Kh4 Rg3 51. Rd8 Rg4+ 52. Kh5 Rxg2 53. Re8 Rh2+ 54. Bh4 Bg3
0-1

[Event "World Blitz Women 2023"]
[Site "Samarkand UZB"]
[Date "2023.12.30"]
[Round "13.14"]
[White "Khotenashvili, Bella"]
[Black "Shukhman, Anna"]
[Result "1-0"]
[WhiteElo "2358"]
[BlackElo "2093"]
[EventDate "2023.12.29"]

1. Nf3 f5 2. c4 Nf6 3. Nc3 g6 4. b4 Bg7 5. Bb2 O-O 6. Qb3 a5 7. a3 Qe8 8.
d4 d6 9. c5+ Kh8 10. e3 e5 11. dxe5 dxe5 12. Nb5 a4 13. Qc2 Nd5 14. Bc4 c6
15. Bxd5 cxb5 16. h4 Nc6 17. h5 gxh5 18. O-O-O Be6 19. Bxe6 Qxe6 20. Rxh5
Rad8 21. Rxh7+ Kg8 22. Ng5 Qc4 23. Qxc4+ 1-0

[Event "World Blitz Women 2023"]
[Site "Samarkand UZB"]
[Date "2023.12.30"]
[Round "13.15"]
[White "Ni, Shiqun"]
[Black "Munguntuul, Batkhuyag"]
[Result "0-1"]
[WhiteElo "2270"]
[BlackElo "2348"]
[EventDate "2023.12.29"]

1. e4 c6 2. Nf3 d5 3. d3 dxe4 4. dxe4 Qxd1+ 5. Kxd1 Nf6 6. Nfd2 e5 7. Bc4
Ng4 8. Ke2 Bc5 9. h3 Nf6 10. a4 a5 11. Nc3 O-O 12. g4 h6 13. f3 Nbd7 14.
Nf1 Re8 15. Be3 Bb4 16. h4 Nf8 17. g5 Nh5 18. gxh6 g6 19. Kf2 Be6 20. Bxe6
Nxe6 21. Ng3 Nef4 22. Nxh5 Nxh5 23. Ne2 Kh7 24. Rad1 Rad8 25. c3 Be7 26.
Bg5 f6 27. Be3 Bf8 28. Bb6 Rxd1 29. Rxd1 Kxh6 30. Rd7 Re7 31. Rd8 Kg7 32.
Bxa5 Rf7 33. Bb6 Be7 34. Rd1 f5 35. Ke3 fxe4 36. Kxe4 Bxh4 37. Kxe5 Re7+
38. Kd6 Rxe2 39. b4 Bg3+ 40. Kd7 Nf6+ 41. Kc8 Re7 42. Bd4 Kf7 43. Rg1 Bf4
44. Rh1 Rc7+ 45. Kd8 Nd5 46. Rh7+ Ke6 47. Rh4 g5 48. Rh6+ Kf5 49. Rh1 b6
50. a5 bxa5 51. bxa5 c5 52. Bf2 Nxc3 53. a6 Ra7 54. Ra1 Ra8+ 55. Kd7 Ra7+
56. Kd8 Bc7+ 57. Kc8 Bb6 58. Ra3 Nb5 59. Ra4 Nd6+ 60. Kb8 Ke6 61. Ra3 Kd5
62. Rd3+ Kc6 63. Ra3 Nb5 64. Ra1 Rh7 0-1

[Event "World Blitz Women 2023"]
[Site "Samarkand UZB"]
[Date "2023.12.30"]
[Round "13.16"]
[White "Priyanka, Nutakki"]
[Black "Salimova, Nurgyul"]
[Result "1-0"]
[WhiteElo "2224"]
[BlackElo "2343"]
[EventDate "2023.12.29"]

1. d4 d5 2. Nf3 Nf6 3. Bf4 c5 4. e3 Nc6 5. Nbd2 Nh5 6. Be5 e6 7. c3 f6 8.
Bg3 g6 9. Bd3 cxd4 10. cxd4 Be7 11. a3 O-O 12. b4 Bd7 13. Qb3 a5 14. b5 a4
15. Qc2 Na5 16. O-O Nxg3 17. hxg3 Qe8 18. Rfb1 Qf7 19. e4 Rfc8 20. Qd1 dxe4
21. Nxe4 Nb3 22. Ra2 Rc7 23. Rc2 Rac8 24. Rxc7 Rxc7 25. Ned2 Nxd2 26. Nxd2
Bxa3 27. Qxa4 Be7 28. Qa5 Rc8 29. Qb6 Rc3 30. Be4 f5 31. Bxb7 g5 32. Bc6
Bf6 33. Qb7 Be8 34. Qxf7+ Kxf7 35. Bxe8+ Kxe8 36. b6 Rc8 37. Nc4 Kd7 38. b7
Rb8 39. Na5 Bxd4 40. Rd1 e5 41. Kf1 Kc7 42. f4 gxf4 43. gxf4 Bb6 44. Rc1+
Kd7 45. Nc6 Rxb7 46. Nxe5+ Ke6 47. Rc6+ Kd5 48. Rc2 Bd4 49. Nf3 Be3 50. Ke2
Bxf4 51. Ra2 Re7+ 52. Kf2 Be3+ 53. Kf1 f4 54. Ra5+ Ke4 55. Ra4+ Kf5 56.
Ra5+ Ke4 57. Ra4+ Kd3 58. Ra3+ Kc4 59. Ra4+ Kb3 60. Ra6 Rc7 61. Ra8 Rc1+
62. Ke2 Rc2+ 63. Kd3 Rxg2 64. Rb8+ Ka4 65. Ne5 Rd2+ 66. Kc3 Rd1 67. Rb7
Rc1+ 68. Kd3 Rc8 69. Nc4 Rd8+ 70. Kc3 Bd4+ 71. Kc2 f3 72. Rf7 f2 73. Nd2 h5
74. Rf4 Kb5 75. Rf5+ Bc5 76. Ne4 Rc8 77. Nd6+ Kc6 78. Nxc8 Kb7 79. Kd3 h4
80. Ke2 Bd4 81. Nd6+ Kc6 82. Ne4 h3 83. Nxf2 1-0

[Event "World Blitz Women 2023"]
[Site "Samarkand UZB"]
[Date "2023.12.30"]
[Round "13.17"]
[White "Shuvalova, Polina"]
[Black "Aydin, Gulenay"]
[Result "1-0"]
[WhiteElo "2342"]
[BlackElo "2009"]
[EventDate "2023.12.29"]

1. e4 c5 2. Nf3 d6 3. Bb5+ Bd7 4. Bxd7+ Qxd7 5. O-O Nc6 6. Re1 Nf6 7. c3 e6
8. d4 cxd4 9. cxd4 d5 10. e5 Ng8 11. a3 Nge7 12. h4 h5 13. Bg5 O-O-O 14.
Nc3 Kb8 15. Nb5 a6 16. Nd6 f6 17. Nf7 fxg5 18. Nxh8 g4 19. Ng5 Nf5 20. Ng6
Be7 21. Nxe7 Qxe7 22. g3 Ncxd4 23. Qd3 Rc8 24. Rac1 Nc6 25. b4 Ka8 26. b5
axb5 27. Qxb5 Kb8 28. a4 Rc7 29. a5 Qa3 30. Nxe6 Nxg3 31. Nxc7 Qf3 32. Qxd5
Nf5 1-0

[Event "World Blitz Women 2023"]
[Site "Samarkand UZB"]
[Date "2023.12.30"]
[Round "13.18"]
[White "Gvetadze, Sofio"]
[Black "Omonova, Umida"]
[Result "0-1"]
[WhiteElo "2170"]
[BlackElo "2304"]
[EventDate "2023.12.29"]

1. Nf3 d5 2. g3 c6 3. Bg2 Bg4 4. O-O Nd7 5. d3 Ngf6 6. Nbd2 e5 7. e4 dxe4
8. dxe4 Qc7 9. h3 Bh5 10. Qe2 Be7 11. Re1 O-O 12. Nf1 Nc5 13. g4 Bg6 14.
N3d2 Ne6 15. Nb3 a5 16. a4 Rad8 17. Ng3 c5 18. c3 c4 19. Nd2 Rd3 20. Nf3
Nc5 21. Nh4 Rfd8 22. Nhf5 Bf8 23. Bg5 Qb6 24. h4 h6 25. Be3 Ne8 26. g5 hxg5
27. hxg5 Nc7 28. Qg4 N7e6 29. Bf1 Qxb2 30. Rab1 Qxc3 31. Rec1 Qa3 32. Rxc4
Qa2 33. Rbc1 R3d7 34. Nh5 Nd3 35. Bxd3 Rxd3 36. Nh4 Bxh5 37. Qxh5 Qa3 38.
g6 fxg6 39. Qxe5 R8d6 40. Qg3 Rd1+ 41. Kg2 Rxc1 42. Rxc1 Qd3 43. Qxg6 Nf4+
44. Bxf4 Rxg6+ 45. Bg3 Qxe4+ 46. Kh2 Rh6 47. Kh3 g5 0-1

[Event "World Blitz Women 2023"]
[Site "Samarkand UZB"]
[Date "2023.12.30"]
[Round "13.19"]
[White "Vaishali, Rameshbabu"]
[Black "Nurgaliyeva, Zarina"]
[Result "0-1"]
[WhiteElo "2410"]
[BlackElo "2001"]
[EventDate "2023.12.29"]

1. d4 Nf6 2. Nf3 d5 3. Bf4 c5 4. e3 Nc6 5. h3 Qb6 6. Nc3 a6 7. a3 c4 8. Rb1
Qa5 9. Qd2 b5 10. Be2 e6 11. O-O b4 12. axb4 Bxb4 13. Ra1 Qd8 14. Ne5 Nxe5
15. Bxe5 Ne4 16. Qe1 O-O 17. f3 Nxc3 18. bxc3 Bd6 19. Bxd6 Qxd6 20. Ra5 Bd7
21. e4 Bb5 22. Qa1 f6 23. Rb1 Rab8 24. Re1 Qf4 25. Bf1 e5 26. exd5 exd4 27.
cxd4 Rfd8 28. Qc3 Rbc8 29. Qe3 Qxe3+ 30. Rxe3 Rxd5 31. c3 Kf7 32. Kf2 Rd6
33. Be2 f5 34. Re5 Kf6 35. g4 g6 36. f4 Re6 37. Bf3 Rc7 38. Bd5 Rxe5 39.
fxe5+ Kg5 40. gxf5 gxf5 41. Ra1 Kf4 42. Rg1 a5 43. Ra1 a4 44. Bf3 Ra7 45.
Ra3 Bd7 46. Bd5 Bb5 47. Be6 Ke4 48. Ke2 f4 49. Bg4 Rg7 50. Bf3+ Kf5 51. Kf2
Rg3 52. Bg4+ Ke4 53. e6 Rd3 54. e7 Rd2+ 55. Ke1 Ke3 56. Ra1 Rh2 57. Kd1
Rh1+ 58. Kc2 Rxa1 59. d5 Ra2+ 60. Kc1 Rd2 61. Be6 a3 0-1

[Event "World Blitz Women 2023"]
[Site "Samarkand UZB"]
[Date "2023.12.30"]
[Round "13.20"]
[White "Hejazipour, Mitra"]
[Black "Khademalsharieh, Sarasadat"]
[Result "1/2-1/2"]
[WhiteElo "2228"]
[BlackElo "2395"]
[EventDate "2023.12.29"]

1. Nf3 d5 2. d4 e6 3. c4 a6 4. cxd5 exd5 5. Nc3 Nf6 6. Bf4 Bd6 7. e3 Bxf4
8. exf4 O-O 9. Bd3 Bg4 10. O-O Qd6 11. h3 Bxf3 12. Qxf3 Nc6 13. Ne2 Rfe8
14. a3 Ne4 15. Rfd1 Re7 16. Bxe4 Rxe4 17. g3 Rd8 18. Kg2 Qe6 19. Rd2 Re8
20. f5 Qf6 21. Rad1 g6 22. fxg6 Qxf3+ 23. Kxf3 fxg6 24. Nc3 R4e7 25. Nxd5
Rf8+ 26. Kg2 Rd7 27. Ne3 Rfd8 28. d5 Ne7 29. f4 c6 30. d6 Nc8 31. Nc4 Kg7
32. a4 b5 33. Ne5 Rxd6 1/2-1/2

[Event "World Blitz Women 2023"]
[Site "Samarkand UZB"]
[Date "2023.12.30"]
[Round "13.21"]
[White "Tsolakidou, Stavroula"]
[Black "Nurmanova, Alua"]
[Result "1/2-1/2"]
[WhiteElo "2345"]
[BlackElo "2249"]
[EventDate "2023.12.29"]

1. d4 Nf6 2. c4 g6 3. Nc3 Bg7 4. h4 h5 5. e4 d6 6. Bg5 c5 7. d5 O-O 8. f3
Qa5 9. Bd2 e6 10. Nh3 exd5 11. cxd5 Nbd7 12. Nf2 Ne5 13. Be2 a6 14. a4 Qc7
15. O-O Bd7 16. a5 Rfe8 17. Na4 Bb5 18. Nb6 Rab8 19. b4 Bxe2 20. Qxe2 Ned7
21. bxc5 Nxc5 22. Rac1 Nfd7 23. Nd3 Nxb6 24. axb6 Qxb6 25. Be3 Rbc8 26. Rc2
Qb5 27. Rfc1 b6 28. Nxc5 bxc5 29. Rc4 a5 30. Qc2 Rb8 31. g4 hxg4 32. fxg4
Qb3 33. Kf2 Rb4 34. Qxb3 Rxb3 35. R1c2 Rb4 36. h5 Rxe4 37. Rxe4 Rxe4 38.
Kf3 Rb4 39. hxg6 fxg6 40. Bf4 Bf8 41. Re2 Rd4 42. Re8 Kf7 43. Ra8 Rxd5 44.
Rxa5 Rd3+ 45. Ke2 Rd4 46. Kf3 d5 47. Ra7+ Kg8 48. Ra8 Kf7 49. Ra7+ Kg8 50.
Ra8 Kf7 51. Ra7+ Ke6 52. Ra6+ Kd7 53. Rxg6 c4 54. Be5 Rd3+ 55. Ke2 Rh3 56.
g5 c3 57. Kd1 Re3 58. Bf6 Rf3 59. Kc2 Bb4 60. Rg7+ Ke6 61. Rb7 Ba5 62. Rb5
Bc7 63. Bxc3 Be5 64. Rb6+ Kf5 65. Bxe5 Kxe5 66. g6 Rg3 67. Kd2 1/2-1/2